• 首页
  • 本馆介绍
  • 公告通知
  • 最新文献
  • 馆藏检索
  • 电子资源
  • 读者导购
  • 参考咨询
  • 我的图书馆
  • 登录
  • 详细信息显示
  • 放入我的书架
  • 预约/预借图书
  • 作者相关作品
  • 分类相关作品
  • 丛书相关作品
  • 出版社相关作品

书目信息

  • 表格格式
  • 工作单格式
  • 卡片格式
题名:
食品发酵工业三废处理与工程实力
    
 
作者: 曹健 李浪 主编
分册:  
出版信息: 北京   化学工业出版社  2007.30
页数:
开本: 32开
丛书名:
单 册:
中图分类: X792
科图分类:
主题词: 轻工业--废物处理 , 轻工业--废物综合利用
电子资源:
ISBN: 978-7-122-00015-6
000 00637nam0 2200193 450
001 0736196517
005 20070924100316.51
010    @a978-7-122-00015-6@d¥32.00
100    @a20070924d km y0chiy0120 ea
101 0  @achi
200 1  @a食品发酵工业三废处理与工程实力@Ashi pin fa jiao gong ye san fei chu li yu gong cheng shi li@f曹健 李浪 主编@Fcao jian li lang zhu bian
210    @a北京@c化学工业出版社@d2007.30
215    @c有@d32开@e无
606 0  @a轻工业@x废物处理
606 0  @a轻工业@x废物综合利用
690    @aX792@v3
701  0 @a曹健 李浪@Acao jian li lang@4主编
801  0 @aCN@bPFT@c20070924
905    @a213230@dX792@eZY29@f1
    
    食品发酵工业三废处理与工程实力/曹健 李浪 主编.-北京:化学工业出版社,2007.30
    有;32开+无
    
    
    ISBN 978-7-122-00015-6:¥32.00
    
●
相关链接 在E读中查询图书 在五车中查询图书 在当当中查询图书 在豆瓣中查询图书


正题名:食品发酵工业三废处理与工程实力     索取号:X792/ZY29         预约/预借

序号 登录号 条形码 馆藏地/架位号 状态 备注
1 7901275   279012756   密集书库-资源管理系/ [索取号:X792/ZY29] 在馆    
唐山师范学院图书馆 欢迎您!
大连网信软件有限公司© 版权所有